1562 1450 1436 1707 1410 1849 1585 1799 1212 1245 1207 1655 1808 1593 1509 1150 1928 1727 1439 1670 1629 1407 1344 1186 1068 1520 1298 1302 1619 1130 1459 1200 1880 1750 1359 1169 1938 1201 1782 1838 1819 1126 1532 1223 1324 1280 1633 1170 1406 1833 1340 1754 1578 1560 1342 1210 1755 1278 1765 1439 1855 1872 1199 1000 1963 1371 1836 1581 1080 1773 1538 1585 1319 1581 1364 1172 1739 1706 1086 1543 1540 1352 1040 1789 1073 1544 1545 1904 1992 1949 1504 1574 1165 1180 1987 1301 1639 1903 1586 BCNSPRNW ULIB Ver.6.0+V

เปลี่ยนเป็นภาษาไทย

Change to English
 แสดงรายละเอียดบรรณานุกรม
  กลับหน้าหลัก

Brief Record : Get Marc (ISO 2709) : E-mail record : QR code < ปิดหน้าต่าง
LEADER : 00000nam 2200000uu 4500
001    13399112205
003     ULIB
008    110801s2554||||th 000 0 tha d
020    9786165020725
090    นว.^bบ111ซ 2554
100 0  Baibiau
245 00 ซาตานหัวใจหิน /^cBaibiau
260    กรุงเทพฯ:^bSugar Beat,^c2554.
300    327 หน้า.
945    ^p220^l0^i18460
995    เกษร
999 ^a ใช้งานได้ทุกระบบ
รายการนี้ยังไม่มีแท็ก
คุณยังไม่ได้ล็อกอิน คุณสามารถมีกิจกรรมร่วมกับเว็บไซต์ได้ แต่ต้องล็อกอินก่อน ::
  ล็อกอิน

รายการสื่อสารสนเทศ

ลำดับที่ ประเภท เลขเรียก/บาร์โค้ด สถานที่ สถานะ
1. วิทยาศาสตร์การแพทย์ และสุขภาพ
วิทยาศาสตร์การแพทย์ และสุขภาพ
นว. บ111ซ 2554  
  Barcode: 18460
ห้องสมุดวิทยาเขตสวรรค์ประชารักษ์
►นวนิยาย
บนชั้น
  ขอยืม

BibComment


ยังไม่เคยถูกคอมเมนท์

คอมเมนท์ทรัพยากรรายการนี้
  คอมเมนท์: ซาตานหัวใจหิน Ba..


 Copyright 2026. Bcnsprnw @Library